Word Ladder: Help! Quiz Stats

Quiz Updated Mar 23, 2015

Challenge
Share
Tweet
Embed
Score 0/18 Timer 02:00
2 Plays Today
Clue 4-Letter Word % Correct
♪ Ticket to ____♪ RIDE ♪
90.7%
Bathroom squareTILE
89.4%
♪ It's Only ____♪ LOVE ♪
86.9%
♪ You're Going to ____ [Rung 17] Girl ♪♪ LOSE ♪
83%
Agitate or annoyRILE
82.8%
Defeat or setbackLOSS
80.3%
Shade of green or peat sourceMOSS
80.1%
♪ You've Got to ____ Your Love Away ♪♪ HIDE ♪
79%
Prefix for T.V.TELE
77.5%
Clue 4-Letter Word % Correct
♪ Dizzy ____ Lizzy ♪♪ MISS ♪
76.8%
♪ You ____ Me Too Much ♪ ♪ LIKE ♪
72.4%
♪ ____ Me [Rung 18] You See ♪♪ TELL ♪
72%
Woodland walkHIKE
71.3%
Shade of greenTEAL
70.9%
Wire typeLIVE
70.7%
What a milkmaid holdsTEAT
62.4%
♪ You're Going to [Rung 4] ____ Girl ♪♪ THAT ♪
56.7%
♪ [Rung 14] Me ____ You See ♪♪ WHAT ♪
47.4%

Today's Daily Dose

You're not logged in!

Compare scores with friends on all Sporcle quizzes.
Join for Free
OR
Log In

You Might Also Like...

Show Comments

Extras

Top Quizzes Today


Score Distribution

Your Account Isn't Verified!

In order to create a playlist on Sporcle, you need to verify the email address you used during registration. Go to your Sporcle Settings to finish the process.

Report this User

Report this user for behavior that violates our Community Guidelines.

Details: